000
00189 a2200097 4500
020
_a
9780735262744
041
_a
eng
100
_a
maxwell newhouse
245
_a
counting on Snow
942
_c
K
999
_c
30800
_d
30798